000 00514nam a2200181Ia 4500
008 100917s9999 xx 000 0 und d
082 _b42621
100 _aरांजणकर यशवंत
245 _aचण्डिमठ
260 _bविश्वमोहिनी प्रकाशन
_c1978
300 _a172
365 _b15
520 _aकादंबरी
630 _aचण्डिमठ
650 _aकादंबरी
730 _aचण्डिमठ
942 _cBOOK
999 _c648015
_d648012